| 000 | 00485nam a2200205Ia 4500 | ||
|---|---|---|---|
| 003 | 0100 | ||
| 008 | 130303s9999 xx 000 0 und d | ||
| 020 | _a0534058981 | ||
| 040 | _cARRUPELIB | ||
| 050 | _aBJ1012.H318 1986 | ||
| 100 | _aHarris, Charles Edwin | ||
| 245 | _aApplying Moral Theories | ||
| 260 | _aBelmont, California | ||
| 260 | _bWadsworth Publishing Company | ||
| 260 | _C1986 | ||
| 300 | _aviii | ||
| 300 | _b 191p. 24cm. | ||
| 650 | _aETHICS | ||
| 942 | 0 | 0 | _04 |
| 999 |
_c22615 _d22615 |
||